Jeux Vidéo De la saga Mario - Statistiques

Statistiques générales
  • Ce quiz a été pris 61 fois
    10 depuis la dernière actualisation
  • Le résultat moyen est 38 sur 103
Statistiques - réponses
Console Jeux % Correct
MARIO BROS (2D) : NES Super Mario bros
100%
Game Boy Advance Mario Bros 2
88%
Game Boy Advance Mario Bros 3
88%
Wii U Mario Kart 8
88%
Switch Mario Kart 8 Deluxe
88%
Switch 2 Mario Kart World
88%
Switch Mario Odyssey
88%
MARIO 3D: Nintendo 64 Mario 64
75%
Wii Mario Galaxy
75%
Wii Mario Galaxy 2
75%
3DS Mario Kart 7
75%
DS Mario Kart DS
75%
Wii Mario kart Wii
75%
MARIO PARTY : Nintendo 64 Mario Party
75%
GameCube Mario Sunshine
75%
Game Boy avance / Super Nintendo Mario World
75%
Nintendo Ds New Super Mario Bros
75%
PAPER MARIO : Nintendo 64 Paper Mario
75%
Wii U Mario 3d World
63%
Divers Mario et Sonic aux jeux olympiques
63%
Nintendo 64 / DS Mario kart 64
63%
GameCube Mario kart Double Dash
63%
Wii U Mario Party 10
63%
Nintendo 64 Mario Party 2
63%
Nintendo 64 Mario Party 3
63%
GameCube Mario Party 4
63%
GameCube Mario Party 5
63%
GameCube Mario Party 6
63%
GameCube Mario Party 7
63%
Wii Mario Party 8
63%
Wii Mario Party 9
63%
Wii U New Super Mario Bros U
63%
MARIO KART : Super Nintendo Super Mario Kart
63%
Nintendo 64 Super smash bros
63%
GameCube / 3DS Luigi's Mansion
50%
3DS / Switch Luigi's Mansion 2
50%
Switch Luigi's Mansion 3
50%
3DS Mario 3d Land
50%
Divers Mario Golf
50%
DS Mario Party DS
50%
Switch Mario Party Superstars
50%
MARIO ET LE SPORTS : Divers Mario Tennis
50%
Wii New Super Mario Bros Wii
50%
GameCube Paper Mario La porte Millénaire
50%
GameCube Super smash bros melee
50%
Divers Mario Baseball
38%
Game Boy advance Mario kart Supercircuit
38%
Wii U / 3DS Super Mario Maker
38%
Switch Super Mario Maker 2
38%
Switch Super Smash Bros. Ultimate
38%
Wii U Super smash bros Wii U
38%
3DS Mario et Luigi Dream Team Bros
25%
MARIO ET LUIGI : Game Boy Advance Mario et Luigi Superstar Saga
25%
DS Mario et Luigi Voyage au centre de Bowser
25%
Game Boy Mario Land
25%
3DS Mario Party Island Tour
25%
3DS Mario Party Star rush
25%
3DS Mario Party the top 100
25%
Divers Mario Strickers
25%
Wii U New Super Luigi U
25%
3DS New Super Mario Bros 2
25%
Wii U Paper Mario Color Splash
25%
3DS Paper Mario Sticker Star
25%
Switch Paper Mario The Origami King
25%
Switch Super Mario Party
25%
Switch Super Mario Party Jamboree
25%
3DS Super smash Bros 3DS
25%
Wii Super Smash Bros Brawl
25%
Switch / 3DS / Wii U captain toad treasure tracker
13%
AUTRES (MARIO, LUIGI, TOAD ) : Game Boy Dr Mario
13%
Switch Mario 3d all-star
13%
Game Boy Advance Mario Advance
13%
DS Mario et Luigi Les Frères du temps
13%
3DS Mario et Luigi Paper Jam Bros
13%
Game Boy Advance Mario Party Advance
13%
Switch Super Mario Bros Wonder
13%
Wii Super Paper Mario
13%
Wii U Yoshi's Woolly World
13%
DS Yoshi Touch and Go
13%
3DS Mario and Donkey Kong Minis on the Move
0%
Switch Mario et Luigi L'Épopée fraternelle
0%
YOSHI ET CIE : Game Boy Mario et Yoshi
0%
Game Boy Mario Land 2
0%
Switch Mario + The Lapins Crétins Kingdom Battle
0%
Switch Mario + The Lapins Crétins Sparks of Hope
0%
Game boy advance / Switch Mario Vs. Donkey kong
0%
DS Mario Vs. Donkey Kong 2
0%
DSi Mario Vs. Donkey kong Le retour des mini
0%
DS Mario Vs. Donkey kong pagaille à Mini land
0%
3DS / Wii U Mario Vs. Donkey Kong Tipping Stars
0%
Switch New Mario Bros U Deluxe
0%
3DS Poochy et Yoshi's Woolly World
0%
Switch Super Mario 3d world + bower's fury
0%
Super Nintendo / Switch Super Mario RPG
0%
Super Nintendo / game boy advance Super Mario World 2 Yoshi's Island
0%
Super Nintendo ( tout avec Remake ) The Lost Levels
0%
DS Yoshi island DS
0%
Super Nintendo Yoshi's cookie
0%
Switch Yoshi's Crafted World
0%
Game Boy advance Yoshi's Island Super Mario Advance 3
0%
3DS Yoshi's New Island
0%
Super Nintendo Yoshi's safari
0%
Nintendo 64 Yoshi's Story
0%
Aucun quiz correspondant
Distribution des résultats
% des personnes avec chaque résultat
Percentile par nombre de réponses
Votre historique - résultats
Vous n’avez pas pris ce quiz depuis la dernière actualisation